000 00744nam a2200229Ia 4500
003 OSt
005 20220923220611.0
006 a|||||r|||| 00| 0
007 ta
008 220922b |||||||| |||| 00| 0 hin d
024 _a187,864
037 _cTextual
040 _aARTS
_cARTS
_bhin
041 _2hin
_ahin
082 _aV218:1:E5, 152K3
100 _aपाण्डेय, चन्द्रभान
245 0 _aअंाध्र सातवाहन साम्राज्य का इतिहास
246 _aAanādhra sātavāhan sāmrājya kā itihāsa
260 _c1963
942 _hV218:1:E5, 152K3
_cTEXL
_2CC
999 _c340940
_d340940